Normal view
MARC view
- Islahi, Amin Ehsab Amin Ehsab Islahi
Entry Personal Name
001 - CONTROL NUMBER
- control field: 79146
003 - CONTROL NUMBER IDENTIFIER
- control field: NUST
005 - DATE AND TIME OF LATEST TRANSACTION
- control field: 20210628210359.0
008 - FIXED-LENGTH DATA ELEMENTS
- fixed length control field: 210628|| aca||aabn | a|a d
040 ## - CATALOGING SOURCE
- Original cataloging agency: NUST
- Transcribing agency: NUST
100 ## - HEADING--PERSONAL NAME
- Personal name: Islahi, Amin Ehsab Amin Ehsab Islahi
670 ## - SOURCE DATA FOUND
- Source citation: Work cat.: (NUST): Islahi, Amin Ehsab Amin Ehsab Islahi, Tadabber-ul-quran, 1997
